When China wakes

Tallennettuna:
Bibliografiset tiedot
Päätekijä: Robert Guillain
Aineistotyyppi: Kirja
Kieli:Undetermined
Julkaistu: New York Walker And Company 1965
Aiheet:
Tagit: Lisää tagi
Ei tageja, Lisää ensimmäinen tagi!
Thư viện lưu trữ: Trung tâm Học liệu Trường Đại học Cần Thơ
LEADER 00507nam a2200193Ia 4500
001 CTU_92023
008 210402s9999 xx 000 0 und d
082 |a 951.05 
082 |b G957 
100 |a Robert Guillain 
245 0 |a When China wakes 
245 0 |c Robert Guillain 
260 |a New York 
260 |b Walker And Company 
260 |c 1965 
650 |a china,china 
650 |x history,description and travel 
904 |i Tuyến 
980 |a Trung tâm Học liệu Trường Đại học Cần Thơ